[Event "Odense Andersen op"]
[Site "Odense"]
[Date "2013.05.08"]
[Round "1"]
[White "Andersen, Bjarne"]
[Black "Nielsen, Poul Erik"]
[Result "0-1"]
[WhiteElo "2026"]
[BlackElo "2107"]
[PlyCount "76"]
[EventDate "2013.05.08"]
[EventType "swiss"]
[EventRounds "9"]
[EventCountry "DEN"]
[SourceTitle "CBM 154 Extra"]
[Source "ChessBase"]
[SourceDate "2013.06.25"]
[SourceVersion "2"]
[SourceVersionDate "2013.06.25"]
[SourceQuality "1"]

1. e4 c5 2. Bc4 Nc6 3. c3 Nf6 4. d3 e6 5. Qe2 d5 6. Bb3 Be7 7. e5 Nd7 8. Nf3 Qc7 9. Bf4 b5 10. Bc2 a5 11. 0-0 h6 12. Re1 g5 13. Bg3 Bb7 14. h3 b4 15. Nbd2 a4 16. c4 d4 17. Qd1 a3 18. bxa3 Rxa3 19. Bb3 Nb6 20. Ne4 Nc8 21. Nf6+ Kf8 22. Ne4 Na5 23. Ned2 Nc6 24. Nb1 Ra8 25. a4 Na5 26. Nbd2 Nb6 27. Ne4 Ba6 28. Nd6 Nxb3 29. Nb5 Bxb5 30. cxb5 Nxa1 31. Qxa1 Rxa4 32. Qd1 Ra3 33. Nh2 Nd5 34. Ng4 Qa5 35. f3 Qxb5 36. Nf2 Nc3 37. Qc2 b3 38. Qb2 Ra2 0-1

[Event "Borup op 6th"]
[Site "Borup"]
[Date "2012.09.20"]
[Round "5"]
[White "Andersen, Bjarne"]
[Black "Jepson, Christian"]
[Result "0-1"]
[WhiteElo "2035"]
[BlackElo "2388"]
[PlyCount "58"]
[EventDate "2012.09.14"]
[EventType "swiss"]
[EventRounds "9"]
[EventCountry "DEN"]
[SourceTitle "CBM 150 Extra"]
[Source "ChessBase"]
[SourceDate "2012.10.19"]
[SourceVersion "1"]
[SourceVersionDate "2012.10.19"]
[SourceQuality "1"]

1. e4 e5 2. Nf3 Nc6 3. d4 exd4 4. Nxd4 Bb4+ 5. c3 Bc5 6. Be3 Bb6 7. Nd2 Nf6 8. Be2 0-0 9. 0-0 Re8 10. f3 d5 11. Bd3 Nxd4 12. cxd4 dxe4 13. Nxe4 Bxd4 14. Nxf6+ Bxf6 15. Bc1 Qd4+ 16. Kh1 Rd8 17. Be2 Qxd1 18. Bxd1 Be6 19. Bc2 b6 20. Be4 Bd5 21. Bxd5 Rxd5 22. Rb1 Re8 23. Bf4 c5 24. b3 g5 25. Bc1 Re2 26. a4 h5 27. g3 Kh7 28. h3 Rd3 29. f4 Rxg3 0-1

[Event "Borup op 6th"]
[Site "Borup"]
[Date "2012.09.15"]
[Round "2"]
[White "Andersen, Bjarne"]
[Black "Kokholm, Daniel"]
[Result "1/2-1/2"]
[WhiteElo "2035"]
[BlackElo "1914"]
[PlyCount "38"]
[EventDate "2012.09.14"]
[EventType "swiss"]
[EventRounds "9"]
[EventCountry "DEN"]
[SourceTitle "CBM 150 Extra"]
[Source "ChessBase"]
[SourceDate "2012.10.19"]
[SourceVersion "1"]
[SourceVersionDate "2012.10.19"]
[SourceQuality "1"]

1. e4 d6 2. d4 Nf6 3. Nc3 g6 4. h3 Bg7 5. Be3 c6 6. Qd2 b5 7. Bd3 a6 8. a3 Qc7 9. Nf3 Nbd7 10. 0-0 e5 11. dxe5 dxe5 12. Rad1 0-0 13. Bh6 Bb7 14. Bxg7 Kxg7 15. Rfe1 Rfe8 16. Bf1 Rad8 17. Qe3 Nh5 18. g3 h6 19. Nh4 Kh7 1/2-1/2

[Event "Borup op 6th"]
[Site "Borup"]
[Date "2012.09.14"]
[Round "1"]
[White "Nielsen, Jens Holm"]
[Black "Andersen, Bjarne"]
[Result "1/2-1/2"]
[WhiteElo "1903"]
[BlackElo "2035"]
[PlyCount "101"]
[EventDate "2012.09.14"]
[EventType "swiss"]
[EventRounds "9"]
[EventCountry "DEN"]
[SourceTitle "CBM 150 Extra"]
[Source "ChessBase"]
[SourceDate "2012.10.19"]
[SourceVersion "1"]
[SourceVersionDate "2012.10.19"]
[SourceQuality "1"]

1. Nc3 d5 2. e4 Nf6 3. exd5 Nxd5 4. Bc4 Nb6 5. Bb3 Nc6 6. Nf3 Bf5 7. Qe2 e6 8. 0-0 Be7 9. d3 0-0 10. h3 Re8 11. Ne4 h6 12. c3 Nd5 13. Ba4 Bd6 14. d4 Qd7 15. Ne5 Bxe5 16. dxe5 Nb6 17. Rd1 Qe7 18. Bxc6 bxc6 19. Ng3 Bg6 20. Be3 Red8 21. Rxd8+ Rxd8 22. Rd1 Rd5 23. Rxd5 cxd5 24. Qb5 Qd7 25. Qc5 a6 26. b3 Nc8 27. b4 c6 28. a4 Bc2 29. a5 Bd3 30. Qd4 Bg6 31. Ne2 Qb7 32. Nf4 Ne7 33. Qb6 Qc8 34. Bc5 Nf5 35. Bd6 Bh7 36. Bc7 Ne7 37. Ne2 Bd3 38. Nd4 Bb5 39. Bd6 Nf5 40. Nxf5 exf5 41. Qa7 Qe8 42. Be7 Kh7 43. Qc7 Kg8 44. f4 Kh7 45. Kf2 Kg8 46. Ke3 Kh7 47. Kd4 Bf1 48. g3 Bxh3 49. Kc5 Bf1 50. Qd8 Qxd8 51. Bxd8 1/2-1/2

[Event "Odense Andersen op"]
[Site "Odense"]
[Date "2012.05.19"]
[Round "6"]
[White "Andersen, Bjarne"]
[Black "Valembois, Pierre"]
[Result "1-0"]
[WhiteElo "2035"]
[BlackElo "1316"]
[PlyCount "97"]
[EventDate "2012.05.16"]
[EventType "swiss"]
[EventRounds "9"]
[EventCountry "DEN"]
[SourceTitle "CBM 148 Extra"]
[Source "ChessBase"]
[SourceDate "2012.06.22"]
[SourceVersion "1"]
[SourceVersionDate "2012.06.22"]
[SourceQuality "1"]

1. e4 d5 2. e5 Bf5 3. d4 Nc6 4. c3 f6 5. f4 e6 6. Nf3 Nge7 7. Bd3 fxe5 8. Nxe5 Nxe5 9. fxe5 Be4 10. Bxe4 dxe4 11. 0-0 Nf5 12. Qg4 e3 13. Re1 Qd5 14. Bxe3 Be7 15. Nd2 Nh4 16. Ne4 0-0-0 17. Bg5 h5 18. Qxh4 Bxg5 19. Nxg5 Rhf8 20. Rf1 Qc4 21. Qh3 c5 22. Qxe6+ Qxe6 23. Nxe6 Rxf1+ 24. Rxf1 Rd5 25. Rf8+ Kd7 26. Nxc5+ Ke7 27. Rb8 Rd8 28. Rxb7+ Ke8 29. Rxg7 h4 30. Rg8+ Ke7 31. Rxd8 Kxd8 32. d5 h3 33. g3 a5 34. Nb7+ Kc8 35. Nxa5 Kc7 36. d6+ Kd7 37. c4 Ke6 38. Nc6 Kd7 39. Nd4 Kd8 40. c5 Kd7 41. c6+ Kd8 42. Ne6+ Kc8 43. d7+ Kb8 44. c7+ Ka7 45. c8Q Kb6 46. Qc5+ Kb7 47. d8N+ Kb8 48. Qb6+ Kc8 49. Qc7# 1-0

[Event "Odense Andersen op"]
[Site "Odense"]
[Date "2012.05.17"]
[Round "2"]
[White "Johansen, Johnny Holler"]
[Black "Andersen, Bjarne"]
[Result "1-0"]
[WhiteElo "1967"]
[BlackElo "2035"]
[PlyCount "73"]
[EventDate "2012.05.16"]
[EventType "swiss"]
[EventRounds "9"]
[EventCountry "DEN"]
[SourceTitle "CBM 148 Extra"]
[Source "ChessBase"]
[SourceDate "2012.06.22"]
[SourceVersion "1"]
[SourceVersionDate "2012.06.22"]
[SourceQuality "1"]

1. e4 c6 2. d4 d5 3. exd5 cxd5 4. Bd3 Nf6 5. c3 Nc6 6. Bf4 e6 7. Nf3 Bd6 8. Bg3 Bxg3 9. hxg3 Qb6 10. Qc2 Bd7 11. Nbd2 h6 12. Nf1 0-0-0 13. 0-0-0 Ng4 14. N1h2 Nxh2 15. Rxh2 f6 16. Rhh1 Kb8 17. Kb1 Rc8 18. Qd2 Na5 19. Rhe1 Nc4 20. Bxc4 Rxc4 21. Rc1 Rhc8 22. Ka1 Qa5 23. Re3 g5 24. g4 b5 25. b4 Qc7 26. Kb2 Qf4 27. Rh1 Rh8 28. g3 Qxg4 29. Qd3 Qf5 30. Qxf5 exf5 31. Re7 Kc8 32. Nd2 Rc7 33. Nb3 Kd8 34. Rf7 Bc8 35. Rxf6 h5 36. Nc5 Re7 37. Kb3 1-0